00840nam a2200241 a 450000100060000000300080000600500170001400800390003102000160007003500190008604000270010504100080013208200220014024500720016226000590023430000290029350400410032265000410036370000300040494200120043499900170044695201350046373389BD-RjUL20211209082405.0170530s1981 paua b 001 0 eng a0891680349  a(BD-RjUL)73607 aDLCcDLCdBD-RjULbeng aeng00a631223bSOL 198100aSolar applications in agriculture /cRobert N. Brewer ... [et al.]. aPhiladelphia, Pa. :bFranklin Institute Press,cc1981. a143 p. :bill. ;c26 cm. aIncludes bibliographical references. 0aSolar energy in agriculture.91131051 aBrewer, Robert N.9113106 2ddccBK c73389d73389 00102ddc40718NFICaRUCLbRUCLcReadingd1987-04-12eAsia Foundationl0o631 SOL 1981r2017-05-30 00:00:00tC-1w2017-05-30yBK